000 01084nam a22003137a 4500
001 BRCA_9436
003 FranzMayer
005 20230918131048.0
008 230908b |||||||| |||| 00| 0 eng d
020 _a9788498444865
040 _aMFM
_bESPAÑOL
_cMFM
050 0 _aN3455.M86
_bM37 2015
110 1 _4Responsable
_aFundación Mapfre
_929727
240 _aSorolla y Estados Unidos
_lEspañol
245 0 _aSorolla y Estados Unidos
260 _aMadrid
_bFundación Mapfre
_c2015
300 _a375 p
_bIlustraciones a color
_c31 cm
500 _aAnexo 1
500 _aLibro en tapa dura
505 _aDirigido a: artistas, historiadores de arte.Texto en: españolIncluye índice temático
650 1 _2Artes visuales
_aMuseos y galerias
_vEE.UU.
_929728
651 2 _2España
_aMadrid
_vSorolla
_929729
700 1 _4Diseño
_aRabazas, Jesús
_929730
700 1 _4Trad.
_aBalseiro, Maria Luisa
_929731
700 1 _4Ed.
_aCastaño, Antonia
_929732
700 1 _4Dirrec.
_aCastellanos, Paloma
_929733
700 1 _4Coord
_aYbarra, Satrústegui
_929734
942 _2lcc
_cB
999 _c11058
_d11058